| 000 | 00582nam a22001577a 4500 | ||
|---|---|---|---|
| 999 |
_c534385 _d534385 |
||
| 020 | _qHard Cover. | ||
| 082 | _a620.44 | ||
| 100 | _aMuhammad Shahzad. | ||
| 245 |
_aEffect of Industrial Graphene and Few Layer Graphene on Physical, Mechanical and Dielectric Properties of Polycarbonate / _cMuhammad Shahzad. |
||
| 260 |
_aIslamabad: _bSCME - NUST, _c2016. |
||
| 300 |
_a87 p. : _bill. ; _c30cm. |
||
| 942 |
_2ddc _cTHE |
||
| 650 |
_aMaterial and Surface Engineering MS-Thesis. _916443 |
||
| 700 |
_aDr. Ahmad Nawaz Khan _928380 |
||